Statistics for Top 10 Best Selling NFL Jerseys

Click here to take the quiz!

General Stats

  • This quiz has been taken 897 times
  • The average score is 7 of 10

Answer Stats

Answer% Correct
QBNEW12Tom Brady
95%
WRPIT84Antonio Brown
84%
QBSEA03Russel Wilson
83%
LBDEN58Von Miller
77%
QBPHI11Carson Wentz
75%
RBDAL21Eziekel Elliot
73%
TENEW87Rob Gronkowski
64%
WRNYG13Odell Beckham Jr
50%
QBSF07Colin Kapernick
33%
FANSEA1212TH MAN
25%

Score Distribution

Percentile by Number Answered

Percent of People with Each Score

Your Score History

You have not taken this quiz